| 000 | 003570000a22001210004500 | ||
|---|---|---|---|
| 008 | 230817t ||||| |||| 00| 0 eng d | ||
| 082 |
_a305.49 _bTOW |
||
| 245 |
_aTowards a better tomorrow: _bthe report of inquiry for women (1997)- a simplified version |
||
| 260 |
_aLahore: _bShirkat Gah, _c1998 |
||
| 300 | _a77 p. | ||
| 650 | _aWOMEN-Legal status | ||
| 942 | _cRP | ||
| 999 |
_c205 _d205 |
||